Beyoncé - Chansons commençants par M - Statistiques

Statistiques générales
  • Ce quiz a été pris 3 fois
  • Le résultat moyen est 2 sur 7
Statistiques - réponses
M % Correct
Me, Myself and I
100%
Move
50%
MINE
0%
MOOD 4 EVER
0%
MY HOUSE
0%
MY POWER
0%
My Rose
0%
Aucun quiz correspondant
Distribution des résultats
% des personnes avec chaque résultat
Percentile par nombre de réponses
Votre historique - résultats
Vous n’avez pas pris ce quiz